000 004410000a22001810004500
003 MACL
005 20160102152621.0
008 160102b xxu||||| |||| 00| 0 eng d
040 _aMACL
_cMACL
041 _aEnglish
082 _a657.2/LAN
100 _aLane, W H H
_925632
245 _aPractical Book Keeping
260 _bMacdonald & Evans
_c1958
_aLondon
350 _a15
650 _aAccounting
_927273
942 _cBK
_k657.2/LAN
_2ddc
999 _c35841
_d35841